[Event "Wiesbaden op 23rd"]
[Site "Wiesbaden"]
[Date "2011.08.28"]
[Round "6"]
[White "Specht, Christian"]
[Black "Klein, Maximilian"]
[Result "1/2-1/2"]
[WhiteElo "2132"]
[BlackElo "2006"]
[PlyCount "35"]
[EventDate "2011.08.25"]
[EventType "swiss"]
[EventRounds "7"]
[EventCountry "GER"]
[SourceTitle "CBM 144 Extra"]
[Source "ChessBase"]
[SourceDate "2011.10.28"]
[SourceVersion "1"]
[SourceVersionDate "2011.10.28"]
[SourceQuality "1"]

1. e4 c6 2. d4 d5 3. exd5 cxd5 4. c4 Nf6 5. Nc3 Nc6 6. Bg5 e6 7. Nf3 Be7 8. c5 Ne4 9. Bxe7 Qxe7 10. Qc2 Nxc3 11. Qxc3 0-0 12. Bb5 e5 13. dxe5 d4 14. Nxd4 Nxd4 15. Qxd4 Rd8 16. Qc3 Rd5 17. 0-0 Rxc5 18. Qb4 1/2-1/2

[Event "Wiesbaden op 23rd"]
[Site "Wiesbaden"]
[Date "2011.08.26"]
[Round "2"]
[White "Simkin, Mark"]
[Black "Specht, Christian"]
[Result "0-1"]
[WhiteElo "2004"]
[BlackElo "2132"]
[PlyCount "66"]
[EventDate "2011.08.25"]
[EventType "swiss"]
[EventRounds "7"]
[EventCountry "GER"]
[SourceTitle "CBM 144 Extra"]
[Source "ChessBase"]
[SourceDate "2011.10.28"]
[SourceVersion "1"]
[SourceVersionDate "2011.10.28"]
[SourceQuality "1"]

1. e4 c5 2. Nf3 Nc6 3. d4 cxd4 4. Nxd4 e5 5. Nb5 d6 6. N1c3 a6 7. Na3 b5 8. Nd5 Nf6 9. Bg5 Be7 10. Bxf6 Bxf6 11. c3 Ne7 12. Nxe7 Bxe7 13. Nc2 Bb7 14. Qg4 0-0 15. Ne3 Bg5 16. Nf5 g6 17. h4 Bf4 18. Ng3 Bxg3 19. fxg3 Qb6 20. Qe2 f5 21. exf5 Rxf5 22. h5 g5 23. 0-0-0 Rf2 24. Qg4 Qe3+ 25. Kb1 Be4+ 26. Ka1 Bf5 27. Qb4 Rd8 28. c4 Rc2 29. a4 Rc1+ 30. Rxc1 Qxc1+ 31. Ka2 Qb1+ 32. Ka3 Qa1+ 33. Kb3 bxa4+ 0-1

[Event "Karl Mala Memorial op 14th"]
[Site "Frankfurt"]
[Date "2011.07.07"]
[Round "1"]
[White "Maerker, Christoph"]
[Black "Specht, Christian"]
[Result "0-1"]
[WhiteElo "1655"]
[BlackElo "2132"]
[PlyCount "52"]
[EventDate "2011.07.07"]
[EventType "swiss"]
[EventRounds "7"]
[EventCountry "GER"]
[SourceTitle "EXT 2012"]
[Source "ChessBase"]
[SourceDate "2011.11.24"]
[SourceVersion "1"]
[SourceVersionDate "2011.11.24"]
[SourceQuality "1"]

1. d4 f5 2. c4 Nf6 3. Nc3 g6 4. g3 Bg7 5. Bg2 0-0 6. Nf3 d6 7. 0-0 Qe8 8. Bg5 e5 9. Bxf6 Bxf6 10. Nd5 Bd8 11. dxe5 dxe5 12. e4 f4 13. Nc3 Nc6 14. b3 Be6 15. Nd5 g5 16. Nxg5 Bxg5 17. Nxc7 Qf7 18. Nxa8 Rxa8 19. f3 fxg3 20. hxg3 Be3+ 21. Rf2 Bxf2+ 22. Kxf2 Rd8 23. Qc1 Qf6 24. Qc3 Qg5 25. Rg1 Qd2+ 26. Qxd2 Rxd2+ 0-1

[Event "Rhein Main op 13th"]
[Site "Bad Homburg"]
[Date "2010.06.05"]
[Round "6"]
[White "Specht, Christian"]
[Black "Schmid, Roland"]
[Result "1-0"]
[WhiteElo "2128"]
[BlackElo "2191"]
[PlyCount "111"]
[EventDate "2010.06.02"]
[EventType "swiss"]
[EventRounds "7"]
[EventCountry "GER"]
[SourceTitle "EXT 2011"]
[Source "ChessBase"]
[SourceDate "2010.11.26"]
[SourceVersion "1"]
[SourceVersionDate "2010.11.26"]
[SourceQuality "1"]

1. e4 c5 2. Nf3 e6 3. d4 cxd4 4. Nxd4 Nc6 5. Nc3 a6 6. Be3 Nf6 7. Bd3 d6 8. f3 Be7 9. Qd2 Qc7 10. g4 Nd7 11. 0-0-0 Nde5 12. Qe2 Nb4 13. Kb1 b5 14. f4 Nexd3 15. cxd3 Bb7 16. h4 Qd7 17. Rc1 0-0 18. h5 f5 19. gxf5 exf5 20. Rhg1 fxe4 21. dxe4 Bf6 22. h6 Rae8 23. hxg7 Rf7 24. Qh5 Bxg7 25. Rh1 Kf8 26. f5 Bxe4+ 27. Nxe4 Rxe4 28. a3 Bxd4 29. Bxd4 Qxf5 30. Qxf5 Rxf5 31. Rxh7 Kg8 32. Rg7+ Kf8 33. Rc8+ Re8 34. Rxe8+ Kxe8 35. axb4 Rd5 36. Bc3 Rf5 37. Ra7 Rd5 38. Kc2 Kd8 39. Rxa6 Kc7 40. Ra7+ Kc6 41. Rh7 Rg5 42. Rh3 Rg4 43. Rd3 Rg2+ 44. Kb3 Rg4 45. Be1 Rg5 46. Bg3 Rg6 47. Kc3 d5 48. Bf2 Rg4 49. Bd4 Rh4 50. Rg3 Rh6 51. Kd3 Re6 52. Rf3 Re1 53. Rf6+ Kc7 54. Bc5 Rb1 55. Kc2 Rh1 56. Rb6 1-0

[Event "Karl Mala Memorial op 11th"]
[Site "Frankfurt"]
[Date "2008.06.28"]
[Round "4"]
[White "Specht, Christian"]
[Black "Donchenko, Alexander"]
[Result "1-0"]
[WhiteElo "2054"]
[BlackElo "1739"]
[PlyCount "45"]
[EventDate "2008.06.26"]
[EventType "swiss"]
[EventRounds "7"]
[EventCountry "GER"]
[SourceTitle "CBM 125 Extra"]
[Source "ChessBase"]
[SourceDate "2008.09.01"]
[SourceVersion "1"]
[SourceVersionDate "2008.09.01"]
[SourceQuality "1"]

1. e4 Nf6 2. e5 Nd5 3. c4 Nb6 4. d4 d6 5. f4 dxe5 6. fxe5 Nc6 7. Be3 Bf5 8. Nc3 e6 9. Nf3 Qd7 10. Be2 0-0-0 11. Qd2 Bg4 12. 0-0-0 Kb8 13. h3 Bxf3 14. gxf3 Qc8 15. Qc2 Ne7 16. Bg5 h6 17. Bh4 Rd7 18. Na4 Nxa4 19. Qxa4 Nf5 20. Bf2 b6 21. c5 Be7 22. Ba6 Bg5+ 23. Kb1 1-0

[Event "Rhein Main op 11th"]
[Site "Bad Homburg"]
[Date "2008.05.24"]
[Round "6"]
[White "Specht, Christian"]
[Black "Donchenko, Alexander"]
[Result "1-0"]
[WhiteElo "2054"]
[BlackElo "1813"]
[PlyCount "103"]
[EventDate "2008.05.21"]
[EventType "swiss"]
[EventRounds "7"]
[EventCountry "GER"]
[SourceTitle "CBM 124 Extra"]
[Source "ChessBase"]
[SourceDate "2008.07.03"]
[SourceVersion "1"]
[SourceVersionDate "2008.07.03"]
[SourceQuality "1"]

1. e4 c5 2. Nf3 e6 3. d3 Nc6 4. Nbd2 d6 5. g3 Be7 6. Bg2 Nf6 7. 0-0 0-0 8. Re1 Qc7 9. Nf1 Rb8 10. h4 b5 11. Ng5 Bb7 12. f4 Nd4 13. c3 Nc6 14. Ne3 b4 15. f5 h6 16. fxe6 hxg5 17. exf7+ Rxf7 18. hxg5 Nd7 19. Nd5 Qd8 20. g6 Rf6 21. Qh5 Nf8 22. Nxf6+ Bxf6 23. Qd5+ Kh8 24. Kf2 Ne5 25. Rh1+ Bh4 26. Rxh4+ Qxh4 27. Qxe5 dxe5 28. gxh4 Nxg6 29. Bg5 Rf8+ 30. Ke3 Nf4 31. Bf3 bxc3 32. bxc3 Ba6 33. Bxf4 Rxf4 34. d4 cxd4+ 35. cxd4 Rxh4 36. dxe5 Kg8 37. Rd1 Bb5 38. Rd6 Rh2 39. Bd1 Kf8 40. Bb3 g5 41. Rg6 Rg2 42. Rg8+ Ke7 43. Kf3 Rg1 44. Rg7+ Kd8 45. Rxa7 g4+ 46. Kf4 g3 47. Rg7 Rf1+ 48. Ke3 Re1+ 49. Kf3 Be2+ 50. Kf4 Rf1+ 51. Ke3 Re1 52. Kd2 1-0

[Event "Rhein Main op 11th"]
[Site "Bad Homburg"]
[Date "2008.05.23"]
[Round "4"]
[White "Isserman, Ryhor"]
[Black "Specht, Christian"]
[Result "1-0"]
[WhiteElo "2273"]
[BlackElo "2054"]
[PlyCount "55"]
[EventDate "2008.05.21"]
[EventType "swiss"]
[EventRounds "7"]
[EventCountry "GER"]
[SourceTitle "CBM 124 Extra"]
[Source "ChessBase"]
[SourceDate "2008.07.03"]
[SourceVersion "1"]
[SourceVersionDate "2008.07.03"]
[SourceQuality "1"]

1. e4 c5 2. d3 Nc6 3. f4 d6 4. g3 g6 5. Bg2 Bg7 6. Nf3 e6 7. 0-0 Nge7 8. c3 0-0 9. Be3 f5 10. Na3 b5 11. Nxb5 Rb8 12. a4 a6 13. Na3 Rxb2 14. Nc4 Rb8 15. e5 Nd5 16. Bf2 dxe5 17. fxe5 Nxc3 18. Qd2 Nd4 19. Rfe1 Bb7 20. Nxd4 cxd4 21. Bxb7 Rxb7 22. Qf4 Rd7 23. Qf3 Rd5 24. Ra3 Rc5 25. Rxc3 Rxe5 26. Rcc1 Rxe1+ 27. Rxe1 f4 28. Qc6 1-0

[Event "Rhein Main op 11th"]
[Site "Bad Homburg"]
[Date "2008.05.21"]
[Round "1"]
[White "Koellmer, Hans Peter"]
[Black "Specht, Christian"]
[Result "0-1"]
[WhiteElo "1590"]
[BlackElo "2054"]
[PlyCount "40"]
[EventDate "2008.05.21"]
[EventType "swiss"]
[EventRounds "7"]
[EventCountry "GER"]
[SourceTitle "CBM 124 Extra"]
[Source "ChessBase"]
[SourceDate "2008.07.03"]
[SourceVersion "1"]
[SourceVersionDate "2008.07.03"]
[SourceQuality "1"]

1. e4 c5 2. d3 Nc6 3. Nf3 d6 4. g3 e5 5. Bg2 Be7 6. 0-0 f5 7. Nbd2 Nf6 8. Re1 0-0 9. Nf1 Rb8 10. exf5 Bxf5 11. Ne3 Bd7 12. Bh1 Kh8 13. Bg2 a6 14. a4 Ng4 15. Nd5 Nd4 16. a5 Be6 17. Nb6 Qe8 18. Be3 Nxf3+ 19. Bxf3 Qh5 20. h4 Bxh4 0-1

[Event "GER-ch U14"]
[Site "Willingen"]
[Date "2007.06.01"]
[Round "9"]
[White "Jussupow, Alexander"]
[Black "Specht, Christian"]
[Result "1/2-1/2"]
[WhiteElo "2009"]
[BlackElo "1888"]
[PlyCount "90"]
[EventDate "2007.05.26"]
[EventType "swiss"]
[EventRounds "9"]
[EventCountry "GER"]
[SourceTitle "CBM 118 Extra"]
[Source "ChessBase"]
[SourceDate "2007.07.04"]
[SourceVersion "1"]
[SourceVersionDate "2007.07.04"]
[SourceQuality "1"]

1. d4 f5 2. g3 Nf6 3. Bg2 g6 4. c4 Bg7 5. Nc3 0-0 6. Nh3 d6 7. d5 Nbd7 8. 0-0 Ne5 9. b3 Bd7 10. Bb2 c5 11. Rb1 a6 12. f4 Neg4 13. Qd3 b5 14. Ng5 b4 15. Nd1 a5 16. h3 Nh6 17. Nf2 Ra7 18. e4 fxe4 19. Nfxe4 Nxe4 20. Bxe4 Nf5 21. g4 Nd4 22. Bxg6 hxg6 23. Qxg6 Rf6 24. Qh7+ Kf8 25. Bxd4 cxd4 26. f5 d3 27. Ne6+ Bxe6 28. fxe6 Qb6+ 29. Kh1 Qe3 30. Rbe1 Qh6 31. Qxd3 Ra8 32. c5 Kg8 33. cxd6 exd6 34. Rxf6 Qxf6 35. Rf1 Qh4 36. Kg2 Rc8 37. Qg6 Rc3 38. Qf7+ Kh7 39. Rf3 Rxf3 40. Qxf3 Qe1 41. Qd3+ Kh8 42. g5 Qe5 43. h4 Qf4 44. Kh3 Be5 45. g6 Qh2+ 1/2-1/2

[Event "GER-ch U14"]
[Site "Willingen"]
[Date "2007.05.31"]
[Round "8"]
[White "Hager, Joshua Aarash"]
[Black "Specht, Christian"]
[Result "1/2-1/2"]
[WhiteElo "2043"]
[BlackElo "1888"]
[PlyCount "195"]
[EventDate "2007.05.26"]
[EventType "swiss"]
[EventRounds "9"]
[EventCountry "GER"]
[SourceTitle "CBM 118 Extra"]
[Source "ChessBase"]
[SourceDate "2007.07.04"]
[SourceVersion "1"]
[SourceVersionDate "2007.07.04"]
[SourceQuality "1"]

1. d4 f5 2. c4 Nf6 3. Nf3 g6 4. g3 Bg7 5. Bg2 0-0 6. b4 d6 7. Bb2 e5 8. dxe5 Nfd7 9. c5 Nxe5 10. cxd6 Nxf3+ 11. Bxf3 Bxb2 12. Qb3+ Rf7 13. Qxb2 Qxd6 14. Nc3 c6 15. 0-0 Be6 16. Rfd1 Qc7 17. Rac1 Nd7 18. Bg2 Ne5 19. Nb5 Qe7 20. Nd6 Qf6 21. Qa1 Rd7 22. f4 Ng4 23. Qxf6 Nxf6 24. Nxb7 Rxb7 25. Rxc6 Re8 26. Rxe6 Rxe6 27. Bxb7 Rxe2 28. Rd3 Ne4 29. Bxe4 Rxe4 30. a3 a5 31. b5 Re1+ 32. Kf2 Rb1 33. Rd5 a4 34. Rd4 Rxb5 35. Rxa4 Rb2+ 36. Ke3 Rxh2 37. Kd4 Rg2 38. Ke5 Kg7 39. Ra7+ Kh6 40. a4 Rxg3 41. a5 Re3+ 42. Kd5 Re4 43. Rc7 Ra4 44. Rc5 Kh5 45. Kc6 Rxf4 46. a6 Ra4 47. Kb6 Kg4 48. Ra5 Re4 49. a7 Re8 50. a8Q Rxa8 51. Rxa8 h5 52. Kc5 h4 53. Ra4+ f4 54. Kd4 h3 55. Ke4 g5 56. Ra3 h2 57. Ra1 Kg3 58. Rb1 g4 59. Ra1 f3 60. Ke3 Kg2 61. Ra2+ Kh3 62. Ra1 g3 63. Kxf3 g2 64. Ra8 g1N+ 65. Kf2 h1N+ 66. Kxg1 Ng3 67. Ra4 Nf5 68. Kf2 Nh4 69. Ra5 Kg4 70. Ra4+ Kg5 71. Rb4 Nf5 72. Kf3 Nh4+ 73. Ke4 Ng6 74. Rb5+ Kf6 75. Rf5+ Ke6 76. Ra5 Kf6 77. Ra7 Kg5 78. Rf7 Nh4 79. Rf4 Ng6 80. Rf1 Nh4 81. Ke5 Ng6+ 82. Ke6 Nf4+ 83. Ke5 Ng6+ 84. Kd5 Nh4 85. Ke4 Ng6 86. Rg1+ Kf6 87. Ra1 Kg5 88. Ra2 Kf6 89. Ra5 Nh4 90. Rd5 Ng6 91. Rf5+ Ke6 92. Rf1 Ne7 93. Rg1 Kf6 94. Ra1 Ng6 95. Ra6+ Kg5 96. Re6 Nh4 97. Ra6 Ng6 98. Ra5+ 1/2-1/2

[Event "GER-ch U14"]
[Site "Willingen"]
[Date "2007.05.29"]
[Round "5"]
[White "Specht, Christian"]
[Black "Guennigmann, Manuel"]
[Result "1/2-1/2"]
[WhiteElo "1888"]
[BlackElo "1967"]
[PlyCount "85"]
[EventDate "2007.05.26"]
[EventType "swiss"]
[EventRounds "9"]
[EventCountry "GER"]
[SourceTitle "CBM 118 Extra"]
[Source "ChessBase"]
[SourceDate "2007.07.04"]
[SourceVersion "1"]
[SourceVersionDate "2007.07.04"]
[SourceQuality "1"]

1. e4 c5 2. Nf3 Nc6 3. d4 cxd4 4. Nxd4 Nf6 5. Nc3 e5 6. Ndb5 d6 7. Bg5 a6 8. Na3 b5 9. Bxf6 gxf6 10. Nd5 Bg7 11. c3 f5 12. exf5 Bxf5 13. Nc2 Be6 14. Nce3 Ne7 15. g3 Nxd5 16. Nxd5 0-0 17. Bg2 Rb8 18. 0-0 a5 19. Qh5 f5 20. g4 Qd7 21. gxf5 Bxf5 22. Qh4 Rbe8 23. Ne3 Be6 24. Be4 Bf6 25. Qh5 Kh8 26. Kh1 Rg8 27. Rg1 Qf7 28. Qxf7 Bxf7 29. Rxg8+ Rxg8 30. Bd5 Bxd5+ 31. Nxd5 Bh4 32. Rf1 Rg7 33. f4 Rf7 34. Kg2 Rf5 35. Ne3 Rxf4 36. Rxf4 exf4 37. Nf5 Bf6 38. Nxd6 b4 39. cxb4 axb4 40. b3 Kg7 41. Kf3 Be5 42. Nc4 Kf6 43. a3 1/2-1/2

[Event "GER-ch U14"]
[Site "Willingen"]
[Date "2007.05.28"]
[Round "4"]
[White "Marx, Joschka"]
[Black "Specht, Christian"]
[Result "1/2-1/2"]
[WhiteElo "1836"]
[BlackElo "1888"]
[PlyCount "108"]
[EventDate "2007.05.26"]
[EventType "swiss"]
[EventRounds "9"]
[EventCountry "GER"]
[SourceTitle "CBM 118 Extra"]
[Source "ChessBase"]
[SourceDate "2007.07.04"]
[SourceVersion "1"]
[SourceVersionDate "2007.07.04"]
[SourceQuality "1"]

1. e4 c5 2. Nf3 Nc6 3. d4 cxd4 4. Nxd4 e5 5. Nb5 d6 6. N1c3 a6 7. Na3 b5 8. Nd5 Nf6 9. Bg5 Be7 10. Bxf6 Bxf6 11. c3 Ne7 12. Nxf6+ gxf6 13. Be2 f5 14. exf5 Bxf5 15. Bf3 d5 16. Nc2 Be6 17. a4 0-0 18. 0-0 Qb6 19. Qd2 f6 20. Rfd1 Kg7 21. axb5 axb5 22. Nb4 Rfd8 23. g3 Ra5 24. Rxa5 Qxa5 25. Qe1 Qc7 26. Qf1 Qb7 27. Ra1 Nc6 28. Nxc6 Qxc6 29. Ra7+ Rd7 30. Qa1 Rb7 31. Qa6 Qxa6 32. Rxa6 Bf7 33. Rd6 e4 34. Bg4 b4 35. Be6 bxc3 36. bxc3 Bxe6 37. Rxe6 Rc7 38. Rd6 Rc5 39. Kf1 Kf7 40. Rd7+ Ke6 41. Rxh7 Rxc3 42. Rb7 d4 43. Rb2 Kf5 44. h3 d3 45. Ke1 Rc1+ 46. Kd2 Rf1 47. Ke3 Re1+ 48. Kd4 Re2 49. Kc3 e3 50. Rb5+ Ke4 51. Rb4+ Kf3 52. Rf4+ Kg2 53. Kxd3 Rxf2 54. Kxe3 Ra2 1/2-1/2

[Event "GER-ch U14"]
[Site "Willingen"]
[Date "2006.06.09"]
[Round "9"]
[White "Raykhman, Alexander"]
[Black "Specht, Christian"]
[Result "1-0"]
[WhiteElo "1955"]
[BlackElo "1933"]
[PlyCount "85"]
[EventDate "2006.06.03"]
[EventType "swiss"]
[EventRounds "9"]
[EventCountry "GER"]
[SourceTitle "EXT 2007"]
[Source "ChessBase"]
[SourceDate "2006.11.23"]
[SourceVersion "1"]
[SourceVersionDate "2006.11.23"]
[SourceQuality "1"]

1. d4 f5 2. Nf3 Nf6 3. g3 g6 4. Bg2 Bg7 5. 0-0 0-0 6. b4 d6 7. Bb2 Qe8 8. d5 Qb5 9. Nd4 Qxb4 10. Qc1 Na6 11. c4 Nc5 12. Nd2 Qa4 13. Nb5 a6 14. Nxc7 Rb8 15. Nb3 Nxb3 16. axb3 Qxb3 17. Bd4 Ne8 18. Rb1 Qa4 19. Ba7 Nxc7 20. Bxb8 Ne8 21. c5 dxc5 22. Qxc5 Qd7 23. Rfc1 Nd6 24. Bxd6 exd6 25. Qc7 Qe8 26. e3 Qe5 27. Rb6 g5 28. Rxd6 f4 29. exf4 gxf4 30. Rd8 Qxc7 31. Rxf8+ Bxf8 32. Rxc7 Bf5 33. Rxb7 fxg3 34. hxg3 a5 35. Ra7 Bb4 36. d6 Bxd6 37. Rxa5 Bg6 38. Ra7 Kf8 39. Bd5 Be7 40. Kg2 h5 41. f4 Bf5 42. Bf3 Bg6 43. Ra5 1-0

[Event "GER-ch U14"]
[Site "Willingen"]
[Date "2006.06.08"]
[Round "8"]
[White "Specht, Christian"]
[Black "Kaphle, Stephan"]
[Result "1/2-1/2"]
[WhiteElo "1933"]
[BlackElo "2020"]
[PlyCount "114"]
[EventDate "2006.06.03"]
[EventType "swiss"]
[EventRounds "9"]
[EventCountry "GER"]
[SourceTitle "EXT 2007"]
[Source "ChessBase"]
[SourceDate "2006.11.23"]
[SourceVersion "1"]
[SourceVersionDate "2006.11.23"]
[SourceQuality "1"]

1. e4 c5 2. Nf3 d6 3. d4 cxd4 4. Nxd4 Nf6 5. Nc3 a6 6. Be3 e6 7. f3 b5 8. Qd2 Nbd7 9. g4 Nb6 10. a4 Nc4 11. Bxc4 bxc4 12. 0-0-0 Bb7 13. g5 Nd7 14. h4 Qc7 15. h5 0-0-0 16. g6 Ne5 17. gxf7 Qxf7 18. Qe2 d5 19. Bg5 Re8 20. f4 Nd7 21. exd5 exd5 22. Qg4 h6 23. Bh4 Bc5 24. Rhf1 Kb8 25. Qf5 Rhf8 26. Qxf7 Rxf7 27. f5 Nf8 28. f6 gxf6 29. Nf5 Nd7 30. Nxd5 Kc8 31. Bg3 Ne5 32. Bf2 Bf8 33. Bb6 Bc6 34. a5 Nd3+ 35. cxd3 Bxd5 36. d4 Re4 37. Rde1 Kd7 38. Kc2 Kc6 39. Ne3 Bb4 40. Nxd5 Bxe1 41. Nc3 Bxc3 42. Kxc3 f5 43. Kxc4 f4 44. Rf3 Re2 45. d5+ Kd6 46. Bc5+ Ke5 47. b4 Ke4 48. Rf2 Rxf2 49. Bxf2 Rd7 50. b5 Rxd5 51. bxa6 Rxa5 52. a7 Kf5 53. Bb6 Ra2 54. Kb4 Rxa7 55. Bxa7 Kg5 56. Kc3 Kxh5 57. Kd2 Kg4 1/2-1/2

[Event "GER-ch U12"]
[Site "Willingen"]
[Date "2005.05.21"]
[Round "11"]
[White "Wang, Zhangxian"]
[Black "Specht, Christian"]
[Result "1/2-1/2"]
[WhiteElo "1734"]
[BlackElo "1568"]
[PlyCount "59"]
[EventDate "2005.05.14"]
[EventType "swiss"]
[EventRounds "11"]
[EventCountry "GER"]
[SourceTitle "CBM 106 Extra"]
[Source "ChessBase"]
[SourceDate "2005.07.01"]
[SourceVersion "1"]
[SourceVersionDate "2005.07.01"]
[SourceQuality "1"]

1. e4 c5 2. Nf3 Nc6 3. d4 cxd4 4. Nxd4 Nf6 5. Nc3 e5 6. Ndb5 d6 7. Bg5 a6 8. Na3 b5 9. Bxf6 gxf6 10. Nd5 f5 11. Bxb5 axb5 12. Nxb5 Ra4 13. b4 Rxb4 14. Nbc7+ Kd7 15. 0-0 Qg5 16. Nxb4 Rg8 17. g3 Nxb4 18. Rb1 Nc6 19. Nd5 Be7 20. Nb6+ Kc7 21. Qe2 Qg4 22. Qb5 Bh4 23. Nd5+ Kd7 24. Rfe1 f4 25. Rb3 Qh3 26. Nb6+ Kc7 27. Na8+ Kd7 28. Rc3 fxg3 29. Qxc6+ Ke7 30. Qc7+ 1/2-1/2

[Event "GER-ch U12"]
[Site "Willingen"]
[Date "2005.05.19"]
[Round "9"]
[White "Schaefer, Alexander1111"]
[Black "Specht, Christian"]
[Result "1-0"]
[WhiteElo "2035"]
[BlackElo "1568"]
[PlyCount "65"]
[EventDate "2005.05.14"]
[EventType "swiss"]
[EventRounds "11"]
[EventCountry "GER"]
[SourceTitle "CBM 106 Extra"]
[Source "ChessBase"]
[SourceDate "2005.07.01"]
[SourceVersion "1"]
[SourceVersionDate "2005.07.01"]
[SourceQuality "1"]

1. e4 c5 2. Nf3 Nc6 3. Bb5 g6 4. Bxc6 dxc6 5. d3 Bg7 6. h3 e5 7. Nc3 Qe7 8. Be3 Nf6 9. Qd2 Nd7 10. Nh2 Nf8 11. 0-0-0 Ne6 12. g3 a5 13. Na4 b5 14. Nb6 Rb8 15. Nxc8 Rxc8 16. Bh6 Bxh6 17. Qxh6 Qg5+ 18. Qxg5 Nxg5 19. h4 Ne6 20. Ng4 f6 21. Nxf6+ Ke7 22. Ng4 Kd6 23. Rhf1 Rcf8 24. c3 h5 25. Ne3 Rf3 26. Kd2 Rhf8 27. Ke2 Kc7 28. Nf5 R3xf5 29. exf5 Rxf5 30. Ke3 b4 31. a3 Kb6 32. a4 Kc7 33. f4 1-0